[Event "Budapest op 4th"]
[Site "Budapest"]
[Date "2014.08.20"]
[Round "5"]
[White "Birovecz, Ben Jordan"]
[Black "Tapp, Ashley"]
[Result "1-0"]
[WhiteElo "1410"]
[BlackElo "1646"]
[PlyCount "77"]
[EventDate "2014.08.16"]
[EventType "swiss"]
[EventRounds "9"]
[EventCountry "HUN"]
[SourceTitle "CBM 161 Extra"]
[Source "ChessBase"]
[SourceDate "2014.08.29"]
[SourceVersion "1"]
[SourceVersionDate "2014.08.29"]
[SourceQuality "1"]

1. e4 c5 2. d4 cxd4 3. c3 dxc3 4. Nxc3 Nc6 5. Bc4 e6 6. Nf3 Nge7 7. 0-0 Ng6 8. Qe2 Be7 9. Rd1 a6 10. Be3 b5 11. Bb3 0-0 12. Rac1 Qc7 13. Qe1 Bb7 14. Nd5 exd5 15. exd5 Rad8 16. dxc6 dxc6 17. Bd4 Rfe8 18. Qc3 b4 19. Qc4 Rf8 20. Bc5 Bxc5 21. Qxc5 Qe7 22. Rxd8 Rxd8 23. Qb6 Nf4 24. Re1 Ne6 25. h3 a5 26. Bxe6 fxe6 27. Nd4 Rxd4 28. Qxd4 c5 29. Qe5 Kf7 30. Qh5+ Kg8 31. f4 g6 32. Qe2 Bd5 33. b3 Qf6 34. Qf2 Qe7 35. Rc1 Kf7 36. Rxc5 Qa7 37. Kh1 Kf6 38. Qd4+ Kf7 39. Rxd5 1-0

[Event "Budapest op 4th"]
[Site "Budapest"]
[Date "2014.08.19"]
[Round "4"]
[White "Tapp, Ashley"]
[Black "Horvath, Csaba1111"]
[Result "1/2-1/2"]
[WhiteElo "1646"]
[BlackElo "1839"]
[PlyCount "47"]
[EventDate "2014.08.16"]
[EventType "swiss"]
[EventRounds "9"]
[EventCountry "HUN"]
[SourceTitle "CBM 161 Extra"]
[Source "ChessBase"]
[SourceDate "2014.08.29"]
[SourceVersion "1"]
[SourceVersionDate "2014.08.29"]
[SourceQuality "1"]

1. d4 Nf6 2. Nf3 c5 3. d5 e6 4. c4 exd5 5. cxd5 d6 6. Nc3 g6 7. e4 Bg7 8. Bd3 0-0 9. 0-0 Na6 10. Bxa6 bxa6 11. Nd2 Ng4 12. Qe2 Ne5 13. f4 Bg4 14. Qxa6 Bc8 15. Qb5 Bd7 16. Qe2 Bg4 17. Qe3 Nc4 18. Nxc4 Bd4 19. Qxd4 cxd4 20. Nb5 Be2 21. Nbxd6 Qc7 22. b3 Bxf1 23. Kxf1 Rad8 24. Ba3 1/2-1/2

[Event "Budapest op 4th"]
[Site "Budapest"]
[Date "2014.08.16"]
[Round "1"]
[White "Metaxasz, Vaszilisz"]
[Black "Tapp, Ashley"]
[Result "1-0"]
[WhiteElo "2062"]
[BlackElo "1646"]
[PlyCount "85"]
[EventDate "2014.08.16"]
[EventType "swiss"]
[EventRounds "9"]
[EventCountry "HUN"]
[SourceTitle "CBM 161 Extra"]
[Source "ChessBase"]
[SourceDate "2014.08.29"]
[SourceVersion "1"]
[SourceVersionDate "2014.08.29"]
[SourceQuality "1"]

1. c4 e6 2. g3 d5 3. d4 Nf6 4. Bg2 Be7 5. Nf3 0-0 6. 0-0 c5 7. cxd5 Nxd5 8. Nc3 Nf6 9. e4 cxd4 10. Nxd4 e5 11. Nf5 Bb4 12. Qb3 Nc6 13. Rd1 Qa5 14. Be3 Be6 15. Nd5 Nxd5 16. exd5 Bxf5 17. dxc6 bxc6 18. Bxc6 Rac8 19. Qa4 Qxa4 20. Bxa4 Bc2 21. Bxc2 Rxc2 22. Bxa7 Rxb2 23. Rdb1 Bc3 24. Rxb2 Bxb2 25. Rb1 Bd4 26. Bxd4 exd4 27. Kf1 Ra8 28. Rb4 f6 29. a4 Kf7 30. Rxd4 Ke6 31. Ke2 Ra5 32. Kd3 Rh5 33. h4 Rf5 34. f4 h5 35. Kc3 g5 36. Kb4 gxf4 37. gxf4 Rd5 38. Rxd5 Kxd5 39. Kb5 Ke4 40. a5 Kxf4 41. a6 Kf3 42. a7 f5 43. a8Q+ 1-0

[Event "Budapest Art Pub Cup 4th"]
[Site "Budapest"]
[Date "2014.04.20"]
[Round "6"]
[White "Bohus, Adam"]
[Black "Tapp, Ashley"]
[Result "1-0"]
[WhiteElo "2058"]
[BlackElo "1594"]
[PlyCount "73"]
[EventDate "2014.04.16"]
[EventType "swiss"]
[EventRounds "7"]
[EventCountry "HUN"]
[SourceTitle "EXT 2015"]
[Source "ChessBase"]
[SourceDate "2014.11.20"]
[SourceVersion "1"]
[SourceVersionDate "2014.11.20"]
[SourceQuality "1"]

1. d4 Nf6 2. c4 g6 3. f3 Bg7 4. e4 d6 5. Nc3 0-0 6. Nge2 Nc6 7. Be3 a6 8. Qd2 Rb8 9. Ng3 e5 10. d5 Nd4 11. Bxd4 exd4 12. Nce2 Nd7 13. Nxd4 Qf6 14. Rd1 Ne5 15. Be2 c5 16. dxc6 bxc6 17. b3 c5 18. Nc2 Rd8 19. 0-0 h5 20. Ne3 Be6 21. f4 Ng4 22. f5 Bc8 23. Bxg4 hxg4 24. Nxg4 Qd4+ 25. Qxd4 Bxd4+ 26. Kh1 Bd7 27. Ne2 gxf5 28. Nh6+ Kg7 29. Nxd4 Kxh6 30. Nxf5+ Bxf5 31. Rxf5 Kg6 32. Rfd5 Rb6 33. e5 a5 34. Rxd6+ Rbxd6 35. Rxd6+ Rxd6 36. exd6 Kf6 37. h4 1-0

[Event "Budapest Art Pub Cup 4th"]
[Site "Budapest"]
[Date "2014.04.20"]
[Round "7"]
[White "Tapp, Ashley"]
[Black "Karacsonyi, Gellert"]
[Result "0-1"]
[WhiteElo "1594"]
[BlackElo "1787"]
[PlyCount "96"]
[EventDate "2014.04.16"]
[EventType "swiss"]
[EventRounds "7"]
[EventCountry "HUN"]
[SourceTitle "EXT 2015"]
[Source "ChessBase"]
[SourceDate "2014.11.20"]
[SourceVersion "1"]
[SourceVersionDate "2014.11.20"]
[SourceQuality "1"]

1. d4 f5 2. g3 Nf6 3. Bg2 g6 4. c4 Bg7 5. Nc3 0-0 6. Nh3 d6 7. d5 Nbd7 8. Qc2 Ne5 9. b3 Bd7 10. 0-0 c6 11. Bb2 Rc8 12. Nf4 g5 13. Nd3 Nxd3 14. Qxd3 Nh5 15. e4 f4 16. Rad1 g4 17. gxf4 Nxf4 18. Qe3 Nxg2 19. Kxg2 Rf3 20. Qg5 Kh8 21. Na4 Bxb2 22. Nxb2 Qc7 23. Rd3 Rcf8 24. Qxe7 g3 25. Qh4 R3f4 26. Qh6 R8f6 27. Qg5 h6 28. Qh5 Bg4 29. Qe8+ Kh7 30. dxc6 Rf8 31. Qxf8 Rxf8 32. Rxg3 Be6 33. cxb7 Qxb7 34. Re1 Rg8 35. Nd3 Rxg3+ 36. hxg3 Qg7 37. Nf4 Bd7 38. Rd1 Qe5 39. f3 Qb2+ 40. Kg1 Qxa2 41. Rxd6 Bc8 42. Rd3 a5 43. Kf1 a4 44. bxa4 Qxc4 45. Ke2 Qxa4 46. Ke3 Ba6 47. Rd5 Qb3+ 48. Nd3 Qb6+ 0-1

[Event "Budapest Art Pub Cup 4th"]
[Site "Budapest"]
[Date "2014.04.19"]
[Round "4"]
[White "Mitlasovszki, Imre"]
[Black "Tapp, Ashley"]
[Result "1-0"]
[WhiteElo "2016"]
[BlackElo "1594"]
[PlyCount "77"]
[EventDate "2014.04.16"]
[EventType "swiss"]
[EventRounds "7"]
[EventCountry "HUN"]
[SourceTitle "EXT 2015"]
[Source "ChessBase"]
[SourceDate "2014.11.20"]
[SourceVersion "1"]
[SourceVersionDate "2014.11.20"]
[SourceQuality "1"]

1. e4 c5 2. Nc3 Nf6 3. e5 Ng8 4. f4 Nc6 5. Nf3 e6 6. Bb5 Qc7 7. 0-0 d5 8. d4 a6 9. Bxc6+ Qxc6 10. Be3 Ne7 11. Kh1 Nf5 12. Bg1 h5 13. g3 Be7 14. a4 b6 15. a5 b5 16. Ne2 c4 17. Kg2 Qc7 18. Qd2 b4 19. h3 Rb8 20. g4 hxg4 21. hxg4 Nh6 22. Nh2 Rb5 23. Ng3 Rxa5 24. Rxa5 Qxa5 25. f5 exf5 26. gxf5 Bh4 27. Nh5 Nxf5 28. Rxf5 Bxf5 29. Nxg7+ Kd7 30. Nxf5 Rg8+ 31. Kh1 Bg5 32. Qg2 Qb6 33. Qxd5+ Kc8 34. Qxc4+ Kb8 35. d5 Qb7 36. Nd6 Qc7 37. Qxb4+ Ka8 38. Qa4 a5 39. Qb5 1-0

[Event "Budapest Art Pub Cup 4th"]
[Site "Budapest"]
[Date "2014.04.18"]
[Round "3"]
[White "Tapp, Ashley"]
[Black "Granicz, Janos"]
[Result "1-0"]
[WhiteElo "1594"]
[BlackElo "1822"]
[PlyCount "93"]
[EventDate "2014.04.16"]
[EventType "swiss"]
[EventRounds "7"]
[EventCountry "HUN"]
[SourceTitle "EXT 2015"]
[Source "ChessBase"]
[SourceDate "2014.11.20"]
[SourceVersion "1"]
[SourceVersionDate "2014.11.20"]
[SourceQuality "1"]

1. d4 e6 2. Bf4 b6 3. e3 Bb7 4. Nf3 Nf6 5. Bd3 Nc6 6. h3 Nb4 7. Be2 Ne4 8. c3 Nd5 9. Bh2 Bd6 10. Bxd6 Nxd6 11. 0-0 0-0 12. Nbd2 f5 13. Ne5 Nf6 14. Qa4 a6 15. Bf3 b5 16. Qc2 Bxf3 17. Ndxf3 Qe8 18. a4 Nde4 19. c4 d6 20. Nd3 Qd7 21. c5 Nd5 22. Rfc1 Rfc8 23. c6 Qe8 24. axb5 axb5 25. Rxa8 Rxa8 26. Qb3 Ra5 27. Nb4 Nxb4 28. Qxb4 Qa8 29. Qb3 Kf7 30. Rc2 Ra1+ 31. Kh2 Qa5 32. Qd3 Qa2 33. Re2 Qa6 34. Rc2 h6 35. g4 Qa2 36. gxf5 exf5 37. Qxb5 Qb1 38. Qxf5+ Nf6 39. d5 Qh1+ 40. Kg3 g6 41. Qe6+ Kg7 42. Qe7+ Kg8 43. Qxf6 Rg1+ 44. Nxg1 Qxg1+ 45. Kh4 g5+ 46. Kh5 Qd1+ 47. Kxh6 1-0

[Event "Budapest Art Pub Cup 4th"]
[Site "Budapest"]
[Date "2014.04.17"]
[Round "1"]
[White "Tapp, Ashley"]
[Black "Andriska, Zsolt"]
[Result "0-1"]
[WhiteElo "1594"]
[BlackElo "2055"]
[PlyCount "80"]
[EventDate "2014.04.16"]
[EventType "swiss"]
[EventRounds "7"]
[EventCountry "HUN"]
[SourceTitle "EXT 2015"]
[Source "ChessBase"]
[SourceDate "2014.11.20"]
[SourceVersion "1"]
[SourceVersionDate "2014.11.20"]
[SourceQuality "1"]

1. d4 d5 2. Bf4 c6 3. e3 f5 4. Bd3 Nf6 5. Nf3 e6 6. Nbd2 Bd6 7. Ne5 Qe7 8. c4 0-0 9. c5 Bc7 10. b4 Ne4 11. f3 g5 12. fxe4 gxf4 13. exd5 Bxe5 14. dxe5 Qh4+ 15. Ke2 Qg4+ 16. Kf2 fxe3+ 17. Kxe3 Qxb4 18. Nb3 exd5 19. Rc1 Nd7 20. Rf1 Nxe5 21. Rf4 Qa3 22. Rc2 Bd7 23. h3 Ng6 24. Rd4 b5 25. Kf2 Rae8 26. Kg1 Re7 27. Rf2 Qa6 28. Qh5 Qc8 29. Qg5 Qe8 30. Kh2 Rg7 31. Qd2 a5 32. Qxa5 Qe5+ 33. Kg1 Qg3 34. Qd2 Ne5 35. Kh1 f4 36. Qe2 Bxh3 37. Bxh7+ Kh8 38. Kg1 Ng4 39. Rf3 Qh2+ 40. Kf1 Qh1# 0-1

[Event "Wch U14 Girls"]
[Site "Al Ain"]
[Date "2013.12.22"]
[Round "6"]
[White "Temel, Burcu Melis"]
[Black "Tapp, Ashley"]
[Result "1-0"]
[WhiteElo "1747"]
[BlackElo "1520"]
[PlyCount "87"]
[EventDate "2013.12.18"]
[EventType "swiss"]
[EventRounds "11"]
[EventCountry "UAE"]
[SourceTitle "CBM 158 Extra"]
[Source "ChessBase"]
[SourceDate "2014.02.28"]
[SourceVersion "1"]
[SourceVersionDate "2014.02.28"]
[SourceQuality "1"]

1. e4 e6 2. d3 d5 3. Nd2 Nf6 4. g3 c5 5. Bg2 Nc6 6. Ngf3 Be7 7. 0-0 b5 8. Re1 Bb7 9. e5 Nd7 10. Nf1 Qc7 11. Bf4 Nb6 12. c3 a5 13. h4 b4 14. Ng5 h6 15. Qh5 Bxg5 16. hxg5 g6 17. Qe2 h5 18. Ne3 d4 19. Nc2 0-0 20. cxd4 Nxd4 21. Nxd4 cxd4 22. Rac1 Qd7 23. Be4 Rac8 24. Bd2 Bd5 25. a3 Qb5 26. axb4 axb4 27. Bxd5 Nxd5 28. Rc4 Qb6 29. Rec1 Rxc4 30. dxc4 Qc5 31. cxd5 Qxd5 32. Bxb4 Rb8 33. Bd6 Ra8 34. Ba3 d3 35. Qe3 Ra4 36. Qc5 Qxc5 37. Bxc5 Re4 38. Be3 Rxe5 39. Bd4 d2 40. Rc8+ Kh7 41. Bxe5 d1Q+ 42. Kh2 f6 43. Bxf6 Qf3 44. Rh8# 1-0

[Event "British Columbia-ch U20"]
[Site "Vancouver"]
[Date "2013.11.10"]
[Round "4"]
[White "Low, Kevin"]
[Black "Tapp, Ashley"]
[Result "1-0"]
[WhiteElo "1495"]
[BlackElo "1648"]
[PlyCount "79"]
[EventDate "2013.11.08"]
[EventType "swiss"]
[EventRounds "5"]
[EventCountry "CAN"]
[SourceTitle "EXT 2015"]
[Source "ChessBase"]
[SourceDate "2014.11.20"]
[SourceVersion "1"]
[SourceVersionDate "2014.11.20"]
[SourceQuality "1"]

1. e4 e6 2. d3 d5 3. Nd2 dxe4 4. dxe4 Nf6 5. g3 b6 6. Bg2 Bb7 7. Qe2 Be7 8. Ngf3 0-0 9. 0-0 Nc6 10. Rd1 Bc5 11. Nf1 Qe7 12. Bg5 h6 13. Bf4 e5 14. Bd2 Nd4 15. Nxd4 exd4 16. e5 Bxg2 17. Kxg2 Nd7 18. f4 Rfe8 19. Re1 Qe6 20. Qf3 Rad8 21. b4 Bf8 22. a4 c5 23. b5 Nb8 24. a5 a6 25. bxa6 Nxa6 26. axb6 Nb8 27. f5 Qc6 28. g4 Qxf3+ 29. Kxf3 Nd7 30. b7 Rxe5 31. Bf4 Rxe1 32. Rxe1 f6 33. Ra1 Ne5+ 34. Bxe5 fxe5 35. Ra8 Rxa8 36. bxa8Q Kf7 37. Qd5+ Kf6 38. Qe6+ Kg5 39. Kg3 e4 40. h4# 1-0

[Event "CAN-ch U14 Girls"]
[Site "Ottawa"]
[Date "2013.07.31"]
[Round "3"]
[White "Tapp, Ashley"]
[Black "Zhou, Qiyu"]
[Result "0-1"]
[WhiteElo "1481"]
[BlackElo "2160"]
[PlyCount "98"]
[EventDate "2013.07.10"]
[EventType "swiss"]
[EventRounds "6"]
[EventCountry "CAN"]
[SourceTitle "EXT 2022"]
[Source "ChessBase"]
[SourceDate "2021.10.06"]
[SourceVersion "1"]
[SourceVersionDate "2021.10.06"]
[SourceQuality "1"]

1. d4 Nf6 2. Nf3 e6 3. Bg5 b6 4. e3 Bb7 5. Bd3 Be7 6. Nbd2 d6 7. 0-0 Nc6 8. c3 h6 9. Bh4 Qd7 10. Qe2 0-0-0 11. b4 g5 12. Bg3 Rdg8 13. Ne1 h5 14. f3 h4 15. Bf2 g4 16. fxg4 Rxg4 17. Ba6 e5 18. Bxb7+ Kxb7 19. a4 exd4 20. exd4 Rhg8 21. Qf3 Kb8 22. a5 Nh5 23. Be3 h3 24. axb6 cxb6 25. Qf5 Qe6 26. Qxe6 fxe6 27. Rf7 Bh4 28. b5 Na5 29. Ndf3 Bxe1 30. Rxe1 Rxg2+ 31. Kf1 Nc4 32. Rh7 Rf8 33. Re2 Rxf3+ 34. Bf2 Nf4 35. Ra2 Na5 36. Rh8+ Kc7 37. Rh7+ Kd8 38. Rf7 Rxh2 39. Kg1 Rg2+ 40. Kh1 Rgxf2 41. Ra1 Ne2 42. Rxf3 Rxf3 43. Kh2 Nxc3 44. Re1 Kd7 45. Rg1 Rf7 46. Kxh3 Rh7+ 47. Kg2 Rg7+ 48. Kf2 Rxg1 49. Kxg1 Nxb5 0-1

[Event "CAN-ch U14 Girls"]
[Site "Ottawa"]
[Date "2013.07.12"]
[Round "5"]
[White "Forshaw, Erica"]
[Black "Tapp, Ashley"]
[Result "1/2-1/2"]
[WhiteElo "1386"]
[BlackElo "1481"]
[PlyCount "75"]
[EventDate "2013.07.10"]
[EventType "swiss"]
[EventRounds "6"]
[EventCountry "CAN"]
[SourceTitle "EXT 2022"]
[Source "ChessBase"]
[SourceDate "2021.10.06"]
[SourceVersion "1"]
[SourceVersionDate "2021.10.06"]
[SourceQuality "1"]

1. c4 c6 2. g3 d5 3. Bg2 Nf6 4. b3 Bf5 5. Bb2 e6 6. d3 Bb4+ 7. Nd2 Nbd7 8. a3 Bd6 9. Ngf3 0-0 10. 0-0 a5 11. Re1 Bg6 12. e4 Be7 13. Qe2 dxe4 14. dxe4 Nc5 15. e5 Nfe4 16. Rad1 Nxd2 17. Rxd2 Qb6 18. Bd4 Qxb3 19. Bxc5 Bxc5 20. Rb2 Qxa3 21. Rxb7 Bb4 22. Rd1 Rfd8 23. Rbd7 Rxd7 24. Rxd7 Qc1+ 25. Rd1 Qc2 26. Qxc2 Bxc2 27. Rc1 Bb3 28. Nd4 Ba4 29. Nxc6 Bxc6 30. Bxc6 Rc8 31. Bb5 Kf8 32. Kf1 Ke7 33. Rd1 Rd8 34. Rxd8 Kxd8 35. Ke2 Bc5 36. h3 h6 37. f4 Ke7 38. Kf3 1/2-1/2

[Event "CAN-ch U14 Girls"]
[Site "Ottawa"]
[Date "2013.07.11"]
[Round "4"]
[White "Gao, Christine"]
[Black "Tapp, Ashley"]
[Result "1/2-1/2"]
[WhiteElo "1399"]
[BlackElo "1481"]
[PlyCount "170"]
[EventDate "2013.07.10"]
[EventType "swiss"]
[EventRounds "6"]
[EventCountry "CAN"]
[SourceTitle "EXT 2022"]
[Source "ChessBase"]
[SourceDate "2021.10.06"]
[SourceVersion "1"]
[SourceVersionDate "2021.10.06"]
[SourceQuality "1"]

1. e4 e6 2. d4 d5 3. e5 c5 4. c3 Nc6 5. Nf3 Qb6 6. a3 cxd4 7. cxd4 Nge7 8. b4 Nf5 9. Be3 Be7 10. Bd3 0-0 11. Bc2 Bd7 12. 0-0 Rac8 13. Qd3 g6 14. Nc3 Nxe3 15. fxe3 a6 16. Na4 Qc7 17. Nc5 Nb8 18. Nxd7 Nxd7 19. Rac1 Nb6 20. Nd2 Qc3 21. Nb3 Qxd3 22. Bxd3 Nc4 23. Nc5 Nxa3 24. Nxb7 Bxb4 25. Kf2 a5 26. Ra1 Rc3 27. Rfd1 Rb8 28. Ba6 Ra8 29. Bd3 Ra7 30. Nd6 Bxd6 31. exd6 Nc4 32. Bxc4 Rxc4 33. d7 Rxd7 34. Rxa5 Rb7 35. Ra2 Rb3 36. Re2 Rcc3 37. Kf3 Kg7 38. g4 Rd3 39. Rxd3 Rxd3 40. g5 Rd1 41. Kg2 f6 42. gxf6+ Kxf6 43. Rf2+ Kg5 44. Rf7 h5 45. Rf4 Rd2+ 46. Kg3 Rd3 47. h4+ Kh6 48. Kf3 Kg7 49. Ke2 Rc3 50. Kf3 Rc7 51. e4 dxe4+ 52. Rxe4 Rf7+ 53. Kg3 Rf6 54. Kg2 Kf7 55. Kg3 Ke7 56. d5 Kf7 57. dxe6+ Rxe6 58. Rf4+ Rf6 59. Rd4 Ke6 60. Re4+ Kd5 61. Ra4 Ke5 62. Rb4 Rd6 63. Rb3 Ke4 64. Rf3 Rd1 65. Ra3 Rg1+ 66. Kh2 Rg4 67. Kh3 Kf4 68. Rb3 Rg1 69. Rb4+ Ke3 70. Rb3+ Kd4 71. Rb4+ Kc3 72. Rf4 Kd3 73. Ra4 Ke3 74. Ra3+ Kf4 75. Ra4+ Kf5 76. Ra5+ Kf6 77. Ra6+ Kg7 78. Ra4 Re1 79. Rf4 Re3+ 80. Kg2 Re5 81. Kh3 g5 82. hxg5 Rxg5 83. Kh4 Kg6 84. Kh3 Rf5 85. Rxf5 Kxf5 1/2-1/2

[Event "CAN-ch U14 Girls"]
[Site "Ottawa"]
[Date "2013.07.10"]
[Round "2"]
[White "Pobereshnikova, Agniya"]
[Black "Tapp, Ashley"]
[Result "0-1"]
[WhiteElo "1353"]
[BlackElo "1481"]
[PlyCount "138"]
[EventDate "2013.07.10"]
[EventType "swiss"]
[EventRounds "6"]
[EventCountry "CAN"]
[SourceTitle "EXT 2022"]
[Source "ChessBase"]
[SourceDate "2021.10.06"]
[SourceVersion "1"]
[SourceVersionDate "2021.10.06"]
[SourceQuality "1"]

1. e4 e6 2. d4 d5 3. Nd2 c5 4. Ngf3 Nc6 5. c3 cxd4 6. cxd4 Bb4 7. e5 Nge7 8. a3 Ba5 9. b4 Bb6 10. Nb3 Nf5 11. Be2 0-0 12. 0-0 Bd7 13. Qd2 a6 14. Rd1 Na7 15. a4 Qe8 16. a5 Bd8 17. Nc5 Bc6 18. Qc2 Rc8 19. g4 Nh4 20. Qb3 Nxf3+ 21. Qxf3 f6 22. Qe3 fxe5 23. Qxe5 Bd7 24. Nxb7 Bc7 25. Qe3 Nb5 26. Nc5 Qe7 27. Qg5 Qf7 28. Qe3 Nc3 29. Re1 Nxe2+ 30. Qxe2 Ra8 31. Ra2 Bc8 32. Rc2 Bd6 33. h3 Qe7 34. Rc3 Kh8 35. Bd2 Rb8 36. Re3 Bf4 37. Rf3 Bxd2 38. Rxf8+ Qxf8 39. Qxd2 Qd6 40. Re3 Kg8 41. Qe1 Kf8 42. Rb3 Rb5 43. Qe3 Bd7 44. Nxd7+ Qxd7 45. Qf4+ Ke7 46. Qe5 Ke8 47. f4 Qe7 48. f5 exf5 49. gxf5 Kf7 50. Re3 Qxe5 51. dxe5 Rxb4 52. e6+ Ke8 53. Re5 Rb5 54. Kf2 Rxa5 55. Ke3 d4+ 56. Kxd4 Rxe5 57. Kxe5 a5 58. h4 Ke7 59. Kd4 a4 60. Kc3 g6 61. Kb4 gxf5 62. Kxa4 Kxe6 63. Kb3 Kd5 64. Kc3 Ke4 65. Kd2 Kf3 66. Kd3 f4 67. Kd4 Kg3 68. Ke4 f3 69. Ke3 Kg2 0-1

[Event "CAN-ch U12 Girls"]
[Site "Vancouver"]
[Date "2012.07.04"]
[Round "5"]
[White "Tapp, Ashley"]
[Black "Boucher, Katrine"]
[Result "1-0"]
[WhiteElo "1324"]
[BlackElo "869"]
[PlyCount "31"]
[EventDate "2012.07.03"]
[EventType "swiss"]
[EventRounds "7"]
[EventCountry "CAN"]
[SourceTitle "EXT 2022"]
[Source "ChessBase"]
[SourceDate "2021.10.06"]
[SourceVersion "1"]
[SourceVersionDate "2021.10.06"]
[SourceQuality "1"]

1. d4 d5 2. c4 Nf6 3. cxd5 Nxd5 4. e4 Nf6 5. Nc3 Nc6 6. Nf3 e6 7. Bb5 Bb4 8. 0-0 a6 9. Bxc6+ bxc6 10. Bg5 0-0 11. e5 Bb7 12. exf6 gxf6 13. Bh6 Re8 14. Nh4 Bxc3 15. Qg4+ Kh8 16. Qg7# 1-0